True or false #1 - Statistics

General Stats
  • This quiz has been taken 27 times
  • The average score is 9 of 15
Answer Stats
Question Answer % Correct
The black box in a plane is black False
92%
Sydney is the capital of Australia Ffalse
88%
Micheal Phelps has won 23 Olympic gold medals True
88%
The planet Venus does not have any moons True
88%
Greenland is the worlds largest island True
83%
Gorillas are monkeys False
71%
Sir Isaiah newton invented gravity False
71%
China burns more coal then the rets of the world combined True
67%
Pandas poop 40 times a day True
63%
Mercurys atmosphere is made up carbon dioxide False
46%
Bananas are berries True
46%
Most bats are blind False
33%
Google was initially called back rub True
29%
In California it is illegal to wear cowboy boots unless you own at least two cows True
29%
Scallops cant see False
25%
No matching quizzes found
Score Distribution
Percent of People with Each Score
Percentile by Number Answered
Your Score History
You have not taken this quiz